000 00519nam a2200169Ia 4500
008 230917s9999||||xx |||||||||||||| ||und||
020 _cRS 450.00
040 _e5013773
_aMAIN
041 _aEnglish
082 _a338.1095487 S22S
100 _aSwaminathan, Madhura, ed.
245 0 _aSocio-economic surveys of three villages in Karnataka: A study of agrarian relations
260 _aIndia
_bTulika Books
_c2017
300 _avi, 318 p.
500 _a4599 27/10/2022 APD22/1143874 03/11/2022 Main Budget
942 _cBK
999 _c6069
_d6069